Domestic building services compliance guide (Record no. 110710)

MARC details
000 -LEADER
fixed length control field 00944cad a22002295a 4500
001 - CONTROL NUMBER
control field E150038
008 - FIXED-LENGTH DATA ELEMENTS--GENERAL INFORMATION
fixed length control field 100525s2010 xxk f f000 0 eng d
020 ## - INTERNATIONAL STANDARD BOOK NUMBER
International Standard Book Number 9781859463772
035 ## - SYSTEM CONTROL NUMBER
System control number (Sirsi) u150038
041 0# - LANGUAGE CODE
Language code of text/sound track or separate title eng
050 04 - LIBRARY OF CONGRESS CALL NUMBER
Classification number 692.8 $2 18
110 2# - MAIN ENTRY--CORPORATE NAME
Corporate name or jurisdiction name as entry element United Kingdom
Subordinate unit Department for Communities and Local Government
9 (RLIN) 4939
245 00 - TITLE STATEMENT
Title Domestic building services compliance guide
Medium [electronic resource]
250 ## - EDITION STATEMENT
Edition statement 2010 edition
260 ## - PUBLICATION, DISTRIBUTION, ETC.
Place of publication, distribution, etc. London
Name of publisher, distributor, etc. DCLG
Date of publication, distribution, etc. 2010
520 ## - SUMMARY, ETC.
Summary, etc. Offers guidance to assist with complying with the Building Regulations for the installation of fixed building services in domestic buildings. Valid from 1 October 2010.
590 ## - LOCAL NOTE (RLIN)
Local note KA
651 #4 - SUBJECT ADDED ENTRY--GEOGRAPHIC NAME
Geographic name England and Wales
Chronological subdivision 1543-
690 ## - LOCAL SUBJECT ADDED ENTRY--TOPICAL TERM (OCLC, RLIN)
Topical term or geographic name as entry element Building regulations
9 (RLIN) 6224
856 40 - ELECTRONIC LOCATION AND ACCESS
Uniform Resource Identifier <a href="https://www.planningportal.gov.uk/uploads/br/domestic_building_compliance_guide_2010.pdf">https://www.planningportal.gov.uk/uploads/br/domestic_building_compliance_guide_2010.pdf</a>
Public note View the guide free of charge at www.planningportal.gov.uk
942 ## - ADDED ENTRY ELEMENTS (KOHA)
Suppress in OPAC 0
Holdings
Withdrawn status Lost status Source of classification or shelving scheme Damaged status Not for loan Home library Current library Shelving location Date acquired Total Checkouts Full call number Barcode Date last seen Copy number Price effective from Koha item type
    Dewey Decimal Classification     Virtual Virtual Online 25/05/2010   ONLINE PUBLICATION 150038-2001 06/08/2019 1 06/08/2019 Book